Top 5 Best NFL teams of the 90's - Statistics

General Stats
  • This quiz has been taken 616 times
  • The average score is 3 of 5
Answer Stats
Wins Team % Correct
101 Dallas Cowboys
95%
113 San Francisco 49ers
88%
103 Buffalo Bills
62%
95 Miami Dolphins
47%
102 Kansas City Chiefs
26%
No matching quizzes found
Score Distribution
Percent of People with Each Score
Percentile by Number Answered
Your Score History
You have not taken this quiz